000 00828nam a2200217Ia 4500
003 GCL
008 140319s9999 xx 000 0 ara d
020 _a7040314977
040 _aGCL /
_cGCL
082 0 4 _a229.4
_bص د
100 1 _aصبرى المتولى
245 1 0 _aدور الحديث النبوى فى التفسير الموضوعى والتفسير التحليلى :
_bدراسة تطبيقية على ايات الحجاب فى القران الكريم /
_cصبرى المتولى
250 _aالثالثة
260 _aالقاهرة :
_bمكتبة زهراء الشرق ،
_c2006
300 _a237 ص ؛
_c24 سم
650 0 4 _aالحجاب والسفور
650 0 4 _aحجاب المراة
650 0 4 _aالقران - تفاسير
650 0 4 _aالمرأة فى الاسلام
942 _2ddc
_cBK
999 _c8231
_d8231